BFI Top 100 British films - Statistics

General Stats
  • This quiz has been taken 3,380 times
  • The average score is 17 of 100
Answer Stats
Hint Answer % Correct
10 Trainspotting
48%
3 Lawrence of Arabia
45%
41 Dr. No
44%
70 Goldfinger
44%
23 Four Weddings and a Funeral
37%
36 The Italian Job
35%
77 Oliver!
34%
7 Kes
33%
11 The Bridge on the River Kwai
33%
2 Brief Encounter
31%
19 Chariots of Fire
31%
5 Great Expectations
29%
69 Hamlet
28%
1 The Third Man
28%
33 Alfie
27%
16 Get Carter
27%
13 The Lady Killers
27%
34 Gandhi
26%
6 Kind Hearts and Coronets
26%
25 The Full Monty
26%
18 Henry V
25%
31 Zulu
25%
81 A Clockwork Orange
23%
17 The Lavender Hill Mob
22%
9 The Red Shoes
22%
4 The 39 Steps
20%
55 The English Patient
20%
20 A Matter of Life and Death
19%
15 Brighton Rock
19%
12 if...
19%
63 Passport to Pimlico
19%
68 The Dam Busters
19%
21 The Long Good Friday
19%
29 Withnail and I
19%
84 Educating Rita
18%
46 Oliver Twist
18%
14 Saturday Night and Sunday Morning
18%
62 Sense and Sensibility
18%
49 Shakespeare in Love
18%
27 Doctor Zhivago
17%
59 The IPCRESS File
17%
43 A Man For All Seasons
16%
44 Black Narcissus
16%
8 Don't Look Now
16%
30 Gregory's Girl
16%
45 The Life and Death of Colonel Blimp
16%
39 A Fish Called Wanda
15%
76 Billy Liar
15%
28 Monty Python's Life of Brian
15%
61 The Loneliness of the Long Distance Runner
15%
58 The Man in the White Suit
15%
64 The Remains of the Day
15%
96 The Wicker Man
15%
51 Tom Jones
15%
24 Whisky Galore!
15%
85 Brassed Off
14%
67 Mona Lisa
14%
53 My Left Foot
14%
35 The Lady Vanishes
14%
87 Women in Love
14%
88 A Hard Day's Night
13%
73 A Room With a View
13%
56 A Taste of Honey
13%
99 Carry On... Up the Khyber
13%
83 Darling
13%
71 Elizabeth
13%
92 In Which We Serve
13%
37 Local Hero
13%
32 Room at the Top
13%
52 This Sporting Life
13%
79 Far from the Madding Crowd
12%
50 My Beautiful Laundrette
12%
78 Peeping Tom
12%
66 The Railway Children
12%
48 Performance
11%
26 The Crying Game
11%
22 The Servant
11%
54 Brazil
10%
86 Genevieve
10%
40 Secrets & Lies
10%
65 Sunday Bloody Sunday
10%
75 The Cruel Sea
10%
57 The Go-Between
10%
100 The Killing Fields
10%
60 Blowup
9%
47 I'm All Right Jack
9%
97 Nil By Mouth
9%
72 Goodbye, Mr. Chips
8%
38 The Commitments
8%
42 The Madness of King George
8%
89 Fires Were Started
7%
90 Hope and Glory
7%
94 The Belles of St Trinian's
7%
80 The Draughtsman's Contract
7%
95 Life Is Sweet
6%
93 Caravaggio
5%
82 Distant Voices, Still Lives
5%
91 My Name Is Joe
5%
98 Small Faces
5%
74 The Day of the Jackal
5%
No matching quizzes found
Score Distribution
Percent of People with Each Score
Percentile by Number Answered
Your Score History
You have not taken this quiz